00537nam a22001697a 450000500170000001000170001702000260003403500170006003700270007708200080010410000250011224501080013726000390024527000500028430000200033450000130035420180416103409.0 aB-690786-787 a9788180423444c400.00 aB-690786-787 bModern Pub. Houseadpl a920 aLotay, Rajinder Kaur aIndian heroes & heroines of world war-II : cby Rajinder Kaur LotaybSeptember 9, 1939 - May 8, 1945 / aNew DelhibModern Pub. Housec2016 a9, Gole Market, Daryaganj,bNew Delhie110002 a144p.c23cm(Hb) aBalidani